Представление документа в формате RUSMARC

ПолеНазваниеЗначение
  Тип записи c
  Библиографический уровень m
001 Контрольный номер UONB/MAIN/8bd80a1f60194cbdb121031275bbd9c7
005 Дата корректировки 20241119125542.1
010 Индекс ISBN __
9 Тираж 8000 экз.
013 Номер (ISMN) __
d Цена 70 к.
071 Издательские номер (звукозапись и ноты) 21
a Номер, присвоенный агентством 1135
100 Данные общей обработки __
a Данные общей обработки 20241113b1984 u y0rusy0189 ca
101 Язык документа 0_
a Язык текста rus
c Язык оригинала rus
102 Страна публикации __
a Страна публикации RU
125 Кодированные данные звукозаписи и нотных изданий __
a Форма изложения нотного текста с
128 Кодированные данные (звукозаписи-физические характеристики) __
a Кодированные данные: Музыкальная форма и тональность или лад zz
c Инструменты или голоса, рекомендуемые для солистов (устаревшее) kt
b Инструменты или голоса, необходимые для ансамблей (устаревшее) ot
200 Заглавие и сведения об ответственности 1_
a Заглавие Вып. 13
e Сведения, относящиеся к заглавию для баяна и ансамблей с баяном
f Первые сведения об ответственности составитель В. Ивановский
203 Вид содержания и тип средства __
a Вид содержания Музыка
b Характеристика содержания знаковая
c Тип средства непосредственная
210 Выходные данные 1_
d Дата издания 1984
215 Физическое описание __
a Объем 46 с.
327 Примечание о содержании 11
a Примечание о содержании Содерж.: Сапожников В. Кадриль. Агафонников Н. Веселая полька. Дугушин А. Незатейливые кружева. Бояшов В. Русская тройка. Матвеев М. В дальней деревеньке. Хромушин О. Скоморохи. Балай Л. Поля бескрайние. Биберган В. Кадриль.
461 Уровень набора _0
1 2001
a Русский сувенир
f сборник пьес
v Вып. 13
1 2101
a Ленинград
a Москва
c 1971 -
1 001UONB/MAIN/41998ebc9ff243ffa7236120b38fda0c
1 215
d 29 см
464 Аналитический уровень _0
1 700 1
a Сапожников
b В.
1 2001
a Кадриль
464 Аналитический уровень _0
1 700 1
a Агафонников
b Н.
1 2001
a Веселая полька
464 Аналитический уровень _0
1 700 1
a Дугушин
b А.
1 2001
a Незатейливые кружева
464 Аналитический уровень _0
1 700 1
a Бояшов
b В.
1 2001
a Русская тройка
464 Аналитический уровень _0
1 700 1
a Матвеев
b М.
1 2001
a В дальней деревеньке
464 Аналитический уровень _0
1 700 1
a Хромушин
b О.
1 2001
a Скоморохи
464 Аналитический уровень _0
1 700 1
a Балай
b Л.
1 2001
a Поля бескрайние
464 Аналитический уровень _0
1 700 1
a Биберган
b В.
1 2001
a Кадриль
606 Тематические рубрики 0_
a Основная рубрика Баян
x Основная подрубрика Пьесы советских композиторов
606 Тематические рубрики 0_
a Основная рубрика Ансамбли русских народных инструментов
610 Ключевые слова 0_
a Ключевые слова баян; пьесы советских композиторов; ансамбли русских народных инструментов
686 Индексы других классификаций __
2 Код системы rubbk
a Классификационный индекс 85.954.6я43
686 Индексы других классификаций __
a Классификационный индекс 85.952.19(2Рос)я43П
702 Вторичная интеллектуальная ответственность _1
a Фамилия Ивановский
b Имя (инициалы) В. А.
g Полное личное имя Владислав Александрович
4 Код отношения 220
801 Источник записи _0
a Страна RU
b Организация Ульяновская ОНБ
c Дата составления 20241113
g Правила каталогизации RCR
801 Источник записи _1
a Страна RU
b Организация Ульяновская ОНБ
c Дата составления 20241113
g Правила каталогизации RCR
901 Тип документа __
t Тип документа n
w Контрольный № источника UONB/MAIN/41998ebc9ff243ffa7236120b38fda0c
909 Создатель записи __
a Создатель записи Никитина Т. А.
b Дата создания записи 20241113